LEADER 01504nam a2200361 a 4500 001 000000125130 003 CaOOAMICUS 005 20110428105648.0 008 110428t2011 it b u000 u ita r 020 $a978-88-8334-415-2 040 $aPUL$bita 041 1 $aita$hfre 082 04$a945.04 100 1 $aMenant, François,$d1948-$0(OLS)http://pul/name/248 240 10$aItalie des communes (1100-1350).$lItaliano.$0(OLS)http://pul/title/157750 245 12$aL'Italia dei comuni (1100-1350) /$cFrançois Menant ; traduzione e cura di E. Igor Mineo. 260 $aRoma :$bViella,$cİ2011. 300 $a356 p. :$bc. geogr. ;$c23 cm 490 1 $aStoria Temi ;$v19 500 $aInclude indice. 504 $aBibliografia p. [327]-343. 650 4$aComuni$zItalia$ySecc. XII-XIV.$0(OLS)http://pul/subject/37600 651 4$aItalia$xStoria.$0(OLS)http://pul/subject/4417 700 1 $aMineo, E. Igor.$0(OLS)http://pul/name/79097 830 0$aStoria (Viella).$pTemi ;$v19.$0(OLS)http://pul/title/151147 850 $aPUL 852 $aPUL$W1$xSL Cons. Gen., Altre Classi 3$y75$m945. 04 MENFR 1$j144051$qDDC 21$B143107$CPULBib$Z2$F143107 $H116776 $82 941 1 $a9 996 $6020$a978-88-8334-415-2$9(OLS)http://pul/number/146986 996 $6082$a945.04$9(OLS)http://pul/classification/1972 996 $6245$aL'Italia dei comuni (1100-1350)$9(OLS)http://pul/title/157751 996 $6260$aRoma :$bViella$9(OLS)http://pul/publisher/54599 LEADER 01133nam a2200289 a 4500 001 000000169660 003 CaOOAMICUS 005 20181001124945.0 008 181001s1942 it u000 u ita u 032 $aLibriCat 040 $aPUL$bita 041 1 $aita$heng 100 1 $aTrevelyan, George Macaulay,$d1876-1962.$0(OLS)http://pul/name/21754 240 10$aHistory of England.$lItaliano.$0(OLS)http://pul/title/100095 245 10$aStoria d'Inghilterra /$cGeorge Macaulay Trevelyan. 260 $aTorino :$bEinaudi,$c1942. 300 $a588 p. :$c22 cm. 490 1 $aBiblioteca di cultura storica ;$v12 500 $aContiene indici. 651 4$aGran Bretagna$xStoria.$0(OLS)http://pul/subject/4217 830 0$aBiblioteca di cultura storica (Einaudi) ;$v12.$0(OLS)http://pul/title/1254 850 $aPUL 852 $aPUL$W1$xDP1 Fondo Dalla Palma$y117$m10 A 11$j43183$qFondi$B197668$CPULBib$Z2$F197668 $HDal3324 $81 941 1 $a1 996 $6245$aStoria d'Inghilterra$9(OLS)http://pul/title/34290 996 $6260$aTorino :$bEinaudi$9(OLS)http://pul/publisher/48130